000 00658nam a2200265Ia 4500
001 18465
003 GE_BSU
008 181216s||||||||xx |||||||||||||| ||und||
020 _a9780137084456
040 _cGE_BSU
080 _a005
100 _aDucat,Diane
245 _aTurning Points
245 _bYour career decision-making Guide
250 _aThird Edition
260 _aBoston
260 _bPearson
260 _c2012
300 _a247p. 23cm.
653 _aTurning Points
653 _aYour career decision-making Guide
653 _aკარიერა
653 _aმენეჯმენტი, მართვა
942 _cBK
999 _c51479
_d51479